<?xml version="1.0" encoding="UTF-8"?>
<record
    xmlns:xsi="http://www.w3.org/2001/XMLSchema-instance"
    xsi:schemaLocation="http://www.loc.gov/MARC21/slim http://www.loc.gov/standards/marcxml/schema/MARC21slim.xsd"
    xmlns="http://www.loc.gov/MARC21/slim">

  <leader>01709nim a2200385 i 4500</leader>
  <controlfield tag="001">197264</controlfield>
  <controlfield tag="003">ES-MaACL</controlfield>
  <controlfield tag="005">20250828062611.0</controlfield>
  <controlfield tag="007">ss lsnjlcipnne</controlfield>
  <controlfield tag="008">250424s1991    sp nnnn  |||| 00|   spa d</controlfield>
  <datafield tag="040" ind1=" " ind2=" ">
    <subfield code="b">spa</subfield>
    <subfield code="c">ES-MaACL</subfield>
  </datafield>
  <datafield tag="245" ind1="0" ind2="0">
    <subfield code="a">Homenaje al poeta Alfonso Carre&#xF1;o y presentaci&#xF3;n de su libro "Dormitorio de cosechas" :</subfield>
    <subfield code="h">[Grabaci&#xF3;n sonora] /</subfield>
    <subfield code="c">intervienen Carlos Bouso&#xF1;o, Jes&#xFA;s Pardo de Santayana, Claudio Rodr&#xED;guez y Francisco Yndur&#xE1;in ; presenta Antonio Dom&#xED;nguez Rey. </subfield>
  </datafield>
  <datafield tag="260" ind1=" " ind2=" ">
    <subfield code="a">Madrid : </subfield>
    <subfield code="b">Ateneo de Madrid, </subfield>
    <subfield code="c">1991</subfield>
  </datafield>
  <datafield tag="300" ind1=" " ind2=" ">
    <subfield code="a">1 casete (ca. 90 min) :</subfield>
    <subfield code="b">son. ;</subfield>
    <subfield code="c">11 cm</subfield>
  </datafield>
  <datafield tag="490" ind1="1" ind2=" ">
    <subfield code="3">Actos culturales en el Ateneo de Madrid</subfield>
  </datafield>
  <datafield tag="518" ind1=" " ind2=" ">
    <subfield code="a">Grabado el 8 de enero de 1991 en el Sal&#xF3;n de Actos del Ateneo de Madrid</subfield>
  </datafield>
  <datafield tag="520" ind1=" " ind2=" ">
    <subfield code="a">Homenaje a Alfonso Carre&#xF1;o y presentaci&#xF3;n de su libro p&#xF3;stumo "Dormitorio de cosechas"</subfield>
  </datafield>
  <datafield tag="540" ind1=" " ind2=" ">
    <subfield code="a">Documento in&#xE9;dito</subfield>
  </datafield>
  <datafield tag="594" ind1=" " ind2=" ">
    <subfield code="5">Datos basados en la invitaci&#xF3;n</subfield>
  </datafield>
  <datafield tag="600" ind1="1" ind2="0">
    <subfield code="9">240457</subfield>
    <subfield code="a">Carre&#xF1;o, Alfonso,</subfield>
    <subfield code="d">1932-1988</subfield>
  </datafield>
  <datafield tag="610" ind1="2" ind2="0">
    <subfield code="a">Ateneo de Madrid-</subfield>
    <subfield code="x">Actos culturales-</subfield>
    <subfield code="y">1991-</subfield>
    <subfield code="v">Grabaciones sonoras</subfield>
    <subfield code="9">240452</subfield>
  </datafield>
  <datafield tag="653" ind1=" " ind2=" ">
    <subfield code="a">Archivo de la palabra</subfield>
  </datafield>
  <datafield tag="655" ind1=" " ind2="7">
    <subfield code="2">tgfbne</subfield>
    <subfield code="9">226850</subfield>
    <subfield code="a">Homenajes</subfield>
  </datafield>
  <datafield tag="700" ind1="1" ind2=" ">
    <subfield code="9">45239</subfield>
    <subfield code="a">Dom&#xED;nguez Rey, Antonio</subfield>
    <subfield code="e">pres</subfield>
  </datafield>
  <datafield tag="700" ind1="1" ind2=" ">
    <subfield code="a">Bouso&#xF1;o, Carlos,</subfield>
    <subfield code="d">1923-2015</subfield>
    <subfield code="e">ora</subfield>
    <subfield code="9">31032</subfield>
  </datafield>
  <datafield tag="700" ind1="1" ind2=" ">
    <subfield code="9">240454</subfield>
    <subfield code="a">Pardo de Santiyana, Jes&#xFA;s </subfield>
    <subfield code="e">ora</subfield>
  </datafield>
  <datafield tag="700" ind1="1" ind2=" ">
    <subfield code="9">98224</subfield>
    <subfield code="a">Rodr&#xED;guez, Claudio,</subfield>
    <subfield code="d">1934-1999</subfield>
    <subfield code="e">ora</subfield>
  </datafield>
  <datafield tag="700" ind1="1" ind2=" ">
    <subfield code="9">117648</subfield>
    <subfield code="a">Yndur&#xE1;in, Francisco,</subfield>
    <subfield code="d">1910-1994</subfield>
    <subfield code="e">ora</subfield>
  </datafield>
  <datafield tag="710" ind1="2" ind2=" ">
    <subfield code="9">1875</subfield>
    <subfield code="a">Ateneo de Madrid</subfield>
    <subfield code="e">his</subfield>
  </datafield>
  <datafield tag="830" ind1=" " ind2="0">
    <subfield code="a">Actos culturales en el Ateneo de Madrid</subfield>
    <subfield code="9">240237</subfield>
  </datafield>
  <datafield tag="852" ind1=" " ind2=" ">
    <subfield code="a">ES-MaACL</subfield>
    <subfield code="c">DEPOZ</subfield>
    <subfield code="9">205510</subfield>
  </datafield>
  <datafield tag="942" ind1=" " ind2=" ">
    <subfield code="2">udc</subfield>
    <subfield code="n">0</subfield>
    <subfield code="c">CINTASAUD</subfield>
  </datafield>
  <datafield tag="999" ind1=" " ind2=" ">
    <subfield code="c">197264</subfield>
    <subfield code="d">197264</subfield>
  </datafield>
  <datafield tag="952" ind1=" " ind2=" ">
    <subfield code="0">0</subfield>
    <subfield code="1">0</subfield>
    <subfield code="2">udc</subfield>
    <subfield code="4">0</subfield>
    <subfield code="7">0</subfield>
    <subfield code="8">archivo_palabra</subfield>
    <subfield code="a">ATENEOM</subfield>
    <subfield code="b">ATENEOM</subfield>
    <subfield code="c">DEPOZ</subfield>
    <subfield code="d">2025-05-13</subfield>
    <subfield code="l">0</subfield>
    <subfield code="o">AP/1184</subfield>
    <subfield code="p">2025-0272</subfield>
    <subfield code="r">2025-05-13 00:00:00</subfield>
    <subfield code="w">2025-05-13</subfield>
    <subfield code="y">CINTASAUD</subfield>
  </datafield>
</record>
